Las sectas en Derecho penal Estudio dogmt̀ico de los delitos sectarios /

Detalles Bibliográficos
Autor principal: Bardavo̕ Antn̤, Carlos
Formato: eBook
Lenguaje:español
Publicado: Barcelona: J.M. Bosch Editor, 2018
Materias:
Acceso en línea:Acceso restringido

MARC

LEADER 00000nam a22000007a 4500
005 20190412225729.0
007 cr|||| ||||
008 190412s2018 es |||||s|||| 00||0 spa d
020 |a 978-84-947929-9-1 
035 |a 23072 
040 |a vLex 
090 |c 8620  |d 8620 
100 1 |a Bardavo̕ Antn̤, Carlos 
245 1 3 |a Las sectas en Derecho penal  |h [Recurso electrn̤ico] :  |b Estudio dogmt̀ico de los delitos sectarios /  |c Carlos Bardavo̕ Antn̤ 
256 |a Servicio en ln̕ea 
260 |a Barcelona:  |b J.M. Bosch Editor,  |c 2018 
300 |a 1 recurso electrn̤ico 
500 |a La presente obra estudia la siempre polm̌ica fenomenologa̕ de las sectas desde la ciencia del Derecho penal en un intento de tratamiento global, sin desdeąr los enfoques filosf̤icos, psicolg̤icos, psiquit̀ricos, sociolg̤icos y criminolg̤icos. Se confrontan en las sectas los aspectos penales de la autora̕ de conciencia, por conviccin̤ y del enemigo a travš de un elemento ms̀ comn︢ de lo que pudiera parecer: los df̌icits de socializacin̤. Estos df̌icits muchas de las veces no pueden ser atribuidos al propio sujeto sino a la configuracin̤ misma de la Sociedad (df̌icit de comunicacin̤ normativo), o a un tercero cuando media una figura delictiva autn̤oma, la persuasin̤ coercitiva (df̌icit de socializacin̤ atribuible a tercero). Las soluciones halladas en esta investigacin̤ se han confrontado en las organizaciones criminales sectarias, resultando sorprendentes y novedosas conclusiones dogmt̀icas en su tratamiento penal y en la autora̕ y participacin̤. En definitiva, en esta obra se han tratado todas las cuestiones que han sido planteadas sobre la fenomenologa̕ criminal de las sectas y sus miembros, especialmente las contingencias de las conductas sectarias libres y coaccionadas. 
506 1 |a Disponible solo en los productos indicados  |d vLex Global  |d vLex Global (Academic Edition, excluding Law Schools)  |d vLex Global (U.S. Academic Edition, Law Schools)  |d vLex Global (U.S. Academic Edition, excluding Law Schools)  |d vLex Global (Academic Edition, Law Schools) 
650 0 4 |a Derecho Penal  |z Espaą 
650 0 4 |a Procedimiento Penal  |z Espaą 
740 0 |a vLex Libros (Servicio en ln̕ea) 
856 4 0 |u http://vlex.com/source/sectas-en-derecho-penal-estudio-dogmatico-de-los-delitos-sectarios-23072  |z Acceso restringido 
942 |c BOOK 
999 0 |a Criminal Law 
999 0 |a Criminal Procedure